00708nam a2200193 a 450000100100000000500170001000800410002702000150006804000250008308200150010810000390012324500860016226000320024830000200028049000380030083000450033895201140038399900170049700003718220200930080207.0120224s1980 mx 000 0 spa d a9682408555 aDO-SdBNPbspacBNPHU axxxxbE74i1 aEscobar Valenzuela, Gustavo96359213aLa ilustración en la filosofía latinoamericana /cGustavo Escobar Valenzuela. aMéxico :bTrillas,c1980. a84 p. ;c23 cm.1 aTemas básicos, Área filosofia 0aTemas básicos, Área filosofia963593 0010507-18MOaGRbGRcOId2012-02-24iLF1l0oxxxx E74ip37182-10r2020-06-25w2020-06-25y1ZNo se presta c36672d36672